[Event "It"]
[Site "Timishoara (Romania)"]
[Round "7"]
[White "Szuhanek Ranko (ROM)"]
[Black "Mozes Ervin (ROM)"]
[Result "0-1"]
[WhiteElo "2350"]
[BlackElo "2410"]

1.d4 d6 2.c4 f5 3.g3 e5 4.Bg2 Be7 5.dxe5 dxe5 6.Qxd8+ Bxd8 7.e4 Nc6 8.Be3 Nd4
9.Na3 fxe4 10.Bxe4 Nf6 11.Bg2 c6 12.Nf3 Ba5+ 13.Bd2 Bh3 14.Kf1 Bxd2 15.Nxd2
Bf5 16.Nf3 Bd3+ 17.Ke1 O-O-O 18.Nxe5 Rhe8 19.f4 Ng4 20.Bh3 Nf3+ 21.Kd1 Nxe5
{#R} 0-1

[Event "Ch Yugoslavia (open)"]
[Site "Nis (Yugoslavia)"]
[Round "4"]
[White "Vasiljevic Dragan (SRB)"]
[Black "Vujadinovic Goran (SRB)"]
[Result "1-0"]
[WhiteElo "2280"]
[BlackElo "2338"]

1.d4 d6 2.Nf3 g6 3.c4 Bg7 4.Nc3 Bg4 5.e3 c5 6.Qa4+ Kf8 7.Be2 cxd4 8.Nxd4 Bxe2
9.Ndxe2 Qd7 10.Qd1 Qg4 11.Qd5 Nc6 12.O-O Bxc3 13.Nxc3 Nf6 14.Qb5 Ne5 15.f4
Ned7 16.Qxb7 Kg7 17.Qf3 Qf5 18.b3 Nc5 19.e4 Ncxe4 20.Nxe4 Nxe4 21.Bb2+ {#r}
1-0

[Event "Ch Hungary (team) 1993/94"]
[Site "Hungary"]
[Round "0"]
[White "Csonkics Tunde (HUN)"]
[Black "Varaljai Ine"]
[Result "1-0"]
[WhiteElo "2320"]
[BlackElo "2510"]

1.d4 d6 2.c4 e6 3.Nc3 Nf6 4.e4 c6 5.f4 Nfd7 6.Nf3 Be7 7.Bd3 O-O 8.O-O b6 9.e5
dxe5 10.fxe5 Bb7 11.Qe2 Na6 12.Qe4 g6 13.Bh6 Nc7 14.Bxf8 Qxf8 15.Rad1 Qg7
16.Nb5 Bd8 17.Nxc7 Bxc7 18.Ng5 Rf8 19.b4 f6 20.Nxe6 {#r} 1-0

[Event "It (open) "]
[Site "Berlin (Germany)"]
[Round "0"]
[White "Teske Henrik (GER)"]
[Black "Zagorskis Darius (LTU)"]
[Result "0-1"]
[WhiteElo "2475"]
[BlackElo "2485"]

1.d4 d6 2.g3 e5 3.Bg2 Nf6 4.c4 exd4 5.Qxd4 Nc6 6.Qd2 Be6 7.b3 d5 8.cxd5 Bb4
9.Nc3 Nxd5 10.Bb2 Qf6 11.Bxd5 Bxd5 12.Qe3+ Qe7 13.Qxe7+ Kxe7 14.f3 Be6 15.a3
Bxc3+ 16.Bxc3 f6 17.h4 Rhd8 18.h5 Nd4 19.Bxd4 Rxd4 20.Rb1 Rad8 21.Rh2 R8d5
22.h6 g5 23.Rc1 c6 24.Rc3 a5 25.g4 Rd1+ 26.Kf2 Rb5 27.f4 {#R} 0-1

[Event "It (open) "]
[Site "Spain"]
[Round "4"]
[White "Molina Fabrizio (ITA)"]
[Black "Anguix Garrido Juan F (ESP)"]
[Result "0-1"]
[WhiteElo "2235"]
[BlackElo "2320"]

1.d4 d6 2.Nf3 Bg4 3.c4 Nd7 4.Nc3 c6 5.g3 Ngf6 6.Bg2 e5 7.h3 Bh5 8.O-O Be7 9.b3
O-O 10.Bb2 Re8 11.Nh4 Bf8 12.Qd2 Qb6 13.d5 c5 14.g4 Bg6 15.Nxg6 hxg6 16.e4 Be7
17.Rae1 Nh7 18.Bc1 Bg5 19.Qc2 Bxc1 20.Qxc1 g5 21.h4 gxh4 22.g5 Qd8 23.f4 a6
24.Bh3 Nhf8 25.Bf5 exf4 26.Rxf4 g6 {#R} 0-1

[Event "It (open)"]
[Site "Ikaria (Greece)"]
[Round "4"]
[White "Bousios Hristos (GRE)"]
[Black "Nikolaidis Ioannis (GRE)"]
[Result "0-1"]
[WhiteElo "2217"]
[BlackElo "2460"]

1.d4 d6 2.g3 e5 3.c3 Nd7 4.Bg2 g6 5.e4 Bg7 6.Ne2 Ngf6 7.O-O O-O 8.Nd2 Re8 9.f4
b6 10.Re1 Bb7 11.Qc2 h5 12.h3 Qe7 13.fxe5 dxe5 14.d5 c6 15.dxc6 Qc5+ 16.Kh2
Qxc6 17.Ng1 Nc5 18.Nb3 Qa4 {#R} 0-1

[Event "It (open) "]
[Site "Berlin (Germany)"]
[Round "0"]
[White "Heinig Wolfram Dr (GER)"]
[Black "Helbig Uwe (GER)"]
[Result "1-0"]
[WhiteElo "2278"]
[BlackElo "2251"]

1.d4 d6 2.Nf3 Bg4 3.Nbd2 Nd7 4.h3 Bh5 5.e4 Ngf6 6.Bd3 c6 7.O-O Qc7 8.Re1 e5
9.c3 Be7 10.Nf1 O-O 11.Ng3 Bg6 12.Nh4 Rfe8 13.f4 Bxe4 14.Nxe4 Nxe4 15.Rxe4 d5
16.Rxe5 Bxh4 17.Qh5 Nxe5 18.Qxh7+ Kf8 19.Qh8+ Ke7 20.Qxh4+ f6 21.fxe5 Rh8
22.exf6+ gxf6 23.Bh6 Rag8 24.Re1+ {#r} 1-0

[Event "It (open)"]
[Site "Liechtenstein"]
[Round "5"]
[White "Potterat Marc (SUI)"]
[Black "Goncharov Vladislav (RUS)"]
[Result "0-1"]
[WhiteElo "2156"]
[BlackElo "2310"]

1.d4 d6 2.c4 e5 3.Nf3 Bg4 4.Nbd2 Nd7 5.d5 g6 6.e4 Bh6 7.h3 Bxf3 8.Nxf3 Bxc1
9.Rxc1 Ngf6 10.Nd2 Nc5 11.Qe2 a5 12.g3 g5 13.Bg2 h5 14.O-O h4 15.g4 Nfd7
16.Rfd1 Nf8 17.Nf1 Ng6 18.Ne3 Nf4 19.Qc2 Qd7 20.Nf5 Qa4 21.b3 Qb4 22.Bf1 a4
23.bxa4 Qxa4 24.Qxa4+ Rxa4 25.Rd2 {#R} 0-1

[Event "Bundesliga (2nd) South 1994/95"]
[Site "Germany"]
[Round "0"]
[White "Ostl Andreas (GER)"]
[Black "Hauke Christian (GER)"]
[Result "0-1"]
[WhiteElo "2270"]
[BlackElo "2295"]

1.d4 d6 2.Nf3 Bg4 3.e4 Nd7 4.h3 Bh5 5.c3 c6 6.Be3 Ngf6 7.Nbd2 e5 8.Qc2 Qc7
9.Be2 Be7 10.O-O O-O 11.Rae1 Rfe8 12.g3 Bf8 13.Kg2 Rad8 14.dxe5 dxe5 15.Nh4
Bxe2 16.Rxe2 Bc5 17.Nf5 Bxe3 18.Nxe3 Nc5 19.b4 Ne6 20.Ng4 Nxg4 21.hxg4 Qd7
22.Nc4 Nf4+ {#R} 0-1

[Event "Ch Vorarlberg"]
[Site "Goetzis (Austria)"]
[Round "0"]
[White "Eiler Gebhard (AUT)"]
[Black "Mittelberger Peter (AUT)"]
[Result "0-1"]
[WhiteElo "2035"]
[BlackElo "2135"]

1.d4 d6 2.Nf3 g6 3.c3 Bg7 4.Bg5 Nf6 5.Nbd2 c6 6.e4 O-O 7.Be2 Nbd7 8.O-O b5
9.Re1 e5 10.dxe5 dxe5 11.a4 Qb6 12.axb5 cxb5 13.Qb3 a6 14.Bxb5 Nc5 15.Qb4 a5
16.Qc4 Be6 17.Qe2 Ncxe4 18.Nxe4 Nxe4 19.Be3 Qb7 20.Ng5 Nxg5 21.Bxg5 Bd5 22.f3
Rfb8 23.c4 Bc6 24.Bxc6 Qxc6 25.Ra2 a4 26.Be7 Rc8 27.c5 Qe6 {#R} 0-1

[Event "It (open)"]
[Site "Hamburg (Germany)"]
[Round "3"]
[White "Hennig Dirk (GER)"]
[Black "Hickl Joerg (GER)"]
[Result "0-1"]
[WhiteElo "2365"]
[BlackElo "2570"]

1.d4 d6 2.Nf3 Bg4 3.e4 Nf6 4.Nc3 e6 5.h3 Bh5 6.Qe2 a6 7.g4 Bg6 8.Bg5 Be7 9.h4
h5 10.Bxf6 Bxf6 11.g5 Be7 12.O-O-O b5 13.Qe3 Nd7 14.Bh3 O-O 15.Rhe1 Nb6 16.Nd2
d5 17.f4 b4 18.Ncb1 dxe4 19.Nxe4 Qd5 20.Nc5 Rfe8 21.b3 Bd6 22.Qf2 Qc6 23.f5
Bxf5 24.Bxf5 exf5 25.Qxf5 Qd5 26.Qxd5 Nxd5 27.Ne4 Bf4+ {#R} 0-1

[Event "It (open)"]
[Site "Cannes (France)"]
[Round "7"]
[White "Gentilleau Jean-Philippe (MNC)"]
[Black "Dunnington Angus J (ENG)"]
[Result "0-1"]
[WhiteElo "2225"]
[BlackElo "2385"]

1.d4 d6 2.Nf3 Bg4 3.e3 Nd7 4.c4 e5 5.Be2 Be7 6.Nc3 f5 7.b4 Nh6 8.Bb2 c6 9.h3
Bh5 10.Qb3 Bf7 11.d5 c5 12.a3 O-O 13.Na4 b6 14.b5 Bg6 15.Nd2 e4 16.O-O-O f4
17.exf4 Rxf4 18.f3 exf3 19.gxf3 Nf5 20.Ne4 Bg5 21.Nxg5 Qxg5 22.Kd2 Nd4 23.Ke1
Re8 24.Rxd4 Rxd4 25.Nc3 Qe3 {#R} 0-1

[Event "Ch Pfalz"]
[Site "Waldfischbach (Germany)"]
[Round "0"]
[White "Schluchter Steffen (GER)"]
[Black "Haag Guenter (GER)"]
[Result "1-0"]
[WhiteElo "2181"]
[BlackElo "2024"]

1.d4 d6 2.Nf3 g6 3.Bf4 Bg7 4.e3 Nc6 5.c3 Bg4 6.Be2 e5 7.Bg3 e4 8.Nfd2 Bxe2
9.Qxe2 Qe7 10.Qb5 O-O-O 11.d5 Nb8 12.Qa4 f5 13.Qxa7 g5 14.Nc4 Qf7 15.Nba3 Qxd5
16.Rd1 Qc6 17.h4 h6 18.hxg5 hxg5 19.Rxh8 Bxh8 20.Qa5 Ne7 21.Bxd6 Rxd6 22.Nxd6+
cxd6 23.Nb5 Kd7 24.Rxd6+ Qxd6 25.Nxd6 Kxd6 26.Qd8+ Nd7 27.Qxh8 {#r} 1-0

[Event "Ch Antioquia"]
[Site "Antioquia"]
[Round "0"]
[White "Clavijo Jorge (COL)"]
[Black "Higuita Elias (COL)"]
[Result "1-0"]
[WhiteElo "2380"]
[BlackElo "2204"]

1.d4 d6 2.Nf3 Bg4 3.c4 Nd7 4.e4 e5 5.Be3 Be7 6.d5 Bxf3 7.Qxf3 Bg5 8.Nc3 Bxe3
9.Qxe3 Ne7 10.g3 O-O 11.Bh3 f5 12.f4 exf4 13.gxf4 fxe4 14.Be6+ Kh8 15.Nxe4 Ng6
16.O-O b6 17.Ng5 Nxf4 18.h4 Nxe6 19.Qxe6 Ne5 20.Rxf8+ Qxf8 21.Rf1 Qe8 22.Qf5
Qg6 23.Qf8+ {#r} 1-0

[Event "Memorial M.Chigorin"]
[Site "St. Petersburg (Russia)"]
[Round "3"]
[White "Zhurina Elizaveta (RUS)"]
[Black "Lungu Tatiana (MDA)"]
[Result "1-0"]
[WhiteElo "2240"]
[BlackElo "2133"]

1.d4 d6 2.Nf3 g6 3.c4 Bg7 4.Nc3 a6 5.e4 h6 6.h3 e6 7.Bd3 Ne7 8.O-O b6 9.Rb1
Nd7 10.b4 c5 11.Ne2 Nc6 12.bxc5 bxc5 13.d5 exd5 14.cxd5 Nce5 15.Nxe5 Nxe5
16.Bc2 f5 17.exf5 Bxf5 18.Bxf5 gxf5 19.Nf4 Ra7 20.Qh5+ Rf7 21.Ne6 Qf6 22.f4
Qg6 23.Rb8+ Ke7 24.Rb7+ Ke8 25.Qxg6 Nxg6 26.Nxg7+ {#r} 1-0

[Event "Oberliga East 1994/95"]
[Site "Germany"]
[Round "0"]
[White "Klee Mario (GER)"]
[Black "Eskandary Jahja (GER)"]
[Result "0-1"]
[WhiteElo "2173"]
[BlackElo "2065"]

1.d4 d6 2.c4 Nd7 3.Nc3 e5 4.Nf3 Ne7 5.g3 c6 6.Bg2 Ng6 7.O-O Be7 8.Qc2 Nf6
9.Rd1 Qc7 10.b3 Bg4 11.Bb2 Qc8 12.dxe5 dxe5 13.Nd2 Bh3 14.Bh1 Ng4 15.Nde4 Qe6
16.c5 O-O 17.Nd6 Rab8 18.Be4 Nh6 19.Ba3 f5 20.Bd3 Kh8 21.Bc4 Qf6 22.e3 Qg5
23.f4 Qh5 24.Be2 Bg4 25.Bxg4 Nxg4 26.Re1 exf4 27.exf4 Bf6 28.Rad1 Bxc3 {#R}
0-1

[Event "Ch Poland (juniors) (under 18)"]
[Site "Brzeg Dolny (Poland)"]
[Round "9"]
[White "Tymrakiewicz Rafal (POL)"]
[Black "Koc Przemyslaw (POL)"]
[Result "1-0"]
[WhiteElo "2296"]
[BlackElo "2245"]

1.d4 d6 2.Nf3 Bg4 3.e4 Nd7 4.Bc4 e6 5.O-O Ngf6 6.Re1 e5 7.c3 Be7 8.Nbd2 O-O
9.h3 Bxf3 10.Nxf3 c6 11.dxe5 dxe5 12.Bg5 Nh5 13.Qd2 h6 14.Bxh6 gxh6 15.Qxh6
Ng7 16.Rad1 Qc7 17.Rxd7 Qxd7 18.Nxe5 Qd6 19.Ng6 {#r} 1-0

[Event "It (open) "]
[Site "Kuopio (Finland)"]
[Round "0"]
[White "Niemela Antti (FIN)"]
[Black "Lehtinen Heikki (FIN)"]
[Result "1-0"]
[WhiteElo "2261"]
[BlackElo "2389"]

1.d4 d6 2.Nf3 g6 3.c4 Bg7 4.Nc3 Nc6 5.e4 e5 6.Bg5 f6 7.Be3 f5 8.exf5 Bxf5 9.d5
Nce7 10.Qd2 Nf6 11.h3 c6 12.Ng5 b5 13.dxc6 bxc4 14.c7 Qd7 15.Bxc4 d5 16.Bb5
Nc6 17.Rc1 d4 18.Bxd4 exd4 19.Ne2 Ne4 20.Rxc6 Nxd2 21.c8=Q+ Ke7 22.Qxd7+ Bxd7
23.Rc7 {#r} 1-0

[Event "It (open)"]
[Site "Vladivostok (Russia)"]
[Round "4"]
[White "Sorokin Garald K (RUS)"]
[Black "Annakov Babakuli (USA)"]
[Result "1-0"]
[WhiteElo "2410"]
[BlackElo "2410"]

1.d4 d6 2.Nf3 f5 3.Nc3 Nf6 4.Bg5 Nbd7 5.Qd3 g6 6.e4 fxe4 7.Nxe4 Bg7 8.Be2 O-O
9.O-O Nxe4 10.Qxe4 Nf6 11.Qh4 Bf5 12.Bc4+ Kh8 13.Bb3 Qd7 14.Rfe1 Rae8 15.h3 c6
16.Bh6 Qc7 17.Be6 Ng8 18.Bxg7+ Kxg7 19.Bxf5 Rxf5 20.Ng5 Rxg5 21.Qxg5 Nf6 22.c4
Qb6 23.Qd2 e5 24.dxe5 dxe5 25.Rad1 {#r} 1-0

[Event "It"]
[Site "Aarhus (Denmark)"]
[Round "3"]
[White "Barkhagen Jonas (SWE)"]
[Black "Pedersen Bjarne (DEN)"]
[Result "1-0"]
[WhiteElo "2405"]
[BlackElo "2045"]

1.d4 d6 2.Nf3 g6 3.g3 Bg7 4.Bg2 Nd7 5.O-O e5 6.c4 Ne7 7.Nc3 O-O 8.e4 exd4
9.Nxd4 Nc6 10.Be3 Nde5 11.b3 Ng4 12.Qd2 Nxe3 13.fxe3 Ne5 14.Rac1 b6 15.Nd5 Bb7
16.b4 a5 17.b5 Bc8 18.Rf4 Bd7 19.Qe2 c6 20.bxc6 Bxc6 21.Bh3 Bd7 22.Bxd7 Nxd7
23.Nc6 Qe8 24.Nc7 {#r} 1-0

[Event "Ch Germany (seniors)"]
[Site "Germany"]
[Round "0"]
[White "Niebling Ferdinand (GER)"]
[Black "Braun Gottfried Dr (GER)"]
[Result "0-1"]
[WhiteElo "2129"]
[BlackElo "2330"]

1.d4 d6 2.c4 e5 3.dxe5 dxe5 4.Qxd8+ Kxd8 5.Nf3 f6 6.e3 Na6 7.a3 Nc5 8.Nbd2 a5
9.b3 Bf5 10.Be2 Nd3+ 11.Kf1 Nxc1 12.Rxc1 Bxa3 13.Ra1 Bb4 14.e4 Bd7 15.Bd3 Ne7
16.Ke2 Ng6 17.Bc2 Nf4+ 18.Kf1 Ke7 19.h4 Rhd8 20.Kg1 Bg4 21.Nf1 Bc5 22.Ne3 Bxf3
23.gxf3 Rd2 24.Bd1 Rad8 25.Nd5+ Nxd5 26.exd5 Bd4 {#R} 0-1

[Event "Ch Queensland"]
[Site "Brisbane (Australia)"]
[Round "9"]
[White "Truscott Anthony J (AUS)"]
[Black "Solomon Stephen J (AUS)"]
[Result "0-1"]
[WhiteElo "2084"]
[BlackElo "2400"]

1.d4 d6 2.Nf3 Bg4 3.e3 Nf6 4.Be2 Nbd7 5.O-O e5 6.dxe5 dxe5 7.b3 Bc5 8.Bb2 Qe7
9.Qc1 h5 10.Ba3 O-O-O 11.Bxc5 Qxc5 12.Qb2 e4 13.Nd4 Qe5 14.Qc3 Nd5 15.Qa5 c5
16.Bc4 cxd4 17.Bxd5 Be6 18.c4 dxe3 19.Nc3 exf2+ 20.Rxf2 Kb8 21.Re1 b6 22.Qb4
a5 23.Qa3 Nf6 24.Nxe4 Bxd5 25.cxd5 Nxe4 26.Qa4 f5 27.Qc6 Rh6 28.Qc1 Qxd5 {#R}
0-1

[Event "It (open)"]
[Site "Copenhagen (Denmark)"]
[Round "4"]
[White "Barkhagen Jonas (SWE)"]
[Black "Nielsen Soren Holst (DEN)"]
[Result "1-0"]
[WhiteElo "2405"]
[BlackElo "2147"]

1.d4 d6 2.Nf3 Bg4 3.e4 Nf6 4.Nc3 e6 5.h3 Bh5 6.Be2 Be7 7.Be3 O-O 8.d5 Bxf3
9.gxf3 e5 10.f4 exf4 11.Bxf4 Nfd7 12.Qd2 Bf6 13.O-O-O a5 14.Be3 Na6 15.h4 Nac5
16.f3 Qe7 17.h5 Rab8 18.Rdg1 Qe5 19.Bf4 Qe7 20.Nb5 Na4 21.c3 Ne5 22.Nd4 g6
23.hxg6 hxg6 24.Nf5 Qd8 25.Bg5 b5 26.Bxf6 Qxf6 27.Qh6 {#r} 1-0

[Event "It (a)"]
[Site "Bermuda"]
[Round "3"]
[White "Lesiege Alexandre (CAN)"]
[Black "Norwood David (ENG)"]
[Result "1-0"]
[WhiteElo "2480"]
[BlackElo "2525"]

1.d4 d6 2.Nf3 Bg4 3.e4 Nf6 4.Nc3 e6 5.Be2 Be7 6.O-O d5 { ?! } ( 6...O-O )
7.Ne5 Bxe2 8.Qxe2 O-O { ?! } 9.Qb5 { ! } 9...dxe4 ( { ? } 9...b6 ) 10.Qxb7
Qxd4 11.Bf4 { ! } 11...Bd6 12.Qxa8 Bxe5 13.Bxe5 Qxe5 14.h3 c5 15.Qb7 { ! }
15...Nd5 { ? } ( 15...e3 { !? } ) 16.Rad1 e3 17.fxe3 Qxe3+ 18.Kh1 Nf6 (
18...Nxc3 { ? } 19.Qxf7+ Rxf7 20.Rd8+ Rf8 21.Rfxf8# ) 19.Qc7 Na6 20.Qe7 h6 ( {
? } 20...h5 ) 21.Rxf6 gxf6 22.Rd3 1-0

[Event "It (open)"]
[Site "Castellar (Spain)"]
[Round "9"]
[White "Gual Pascual Antonio (ESP)"]
[Black "Garcia Cano Antonio (ESP)"]
[Result "1-0"]
[WhiteElo "2350"]
[BlackElo "2211"]

1.d4 d6 2.c4 e5 3.Nf3 exd4 4.Nxd4 g6 5.g3 Bg7 6.Bg2 Ne7 7.Bg5 O-O 8.Qd2 Nbc6
9.Nxc6 bxc6 10.Nc3 Rb8 11.b3 Qe8 12.Bh6 d5 13.Bxg7 Kxg7 14.O-O dxc4 15.Qd4+ f6
16.Qxc4 h5 17.Rad1 h4 18.Qxh4 {#r} 1-0

[Event "Ch Marshall Chess Club"]
[Site "New York (USA)"]
[Round "0"]
[White "Kumaran Dharshan (ENG)"]
[Black "Vulicevic Nenad (YUG)"]
[Result "1-0"]
[WhiteElo "2500"]
[BlackElo "2363"]

1.d4 d6 2.Nf3 g6 3.c4 Bg7 4.Nc3 e5 5.Bg5 f6 6.Bd2 exd4 7.Nxd4 f5 8.Bf4 Nc6
9.e3 Nxd4 10.exd4 Nf6 11.Qe2+ Kf7 12.O-O-O Re8 13.Qd2 Ne4 14.Nxe4 Rxe4 15.Bg5
Qh8 16.Bd3 Rxd4 17.Rhe1 Be5 18.f4 Bf6 19.g4 Bd7 20.Qb4 Bxg5 21.fxg5 c5 22.Qxb7
Qc8 23.Qf3 Rb8 24.gxf5 Bxf5 25.Bxf5 Rxd1+ 26.Qxd1 gxf5 27.Qh5+ Kf8 28.Qh6+
{#r} 1-0

[Event "Ch Moscow (open)"]
[Site "Moscow (Russia)"]
[Round "3"]
[White "Ushakova Natalia (RUS)"]
[Black "Parfenov Vladislav (RUS)"]
[Result "1-0"]
[WhiteElo "2105"]
[BlackElo "2283"]

1.d4 d6 2.Nf3 g6 3.Bg5 Bg7 4.e4 Nf6 5.Bd3 O-O 6.Qd2 Nc6 7.Bh6 e5 8.d5 Ne7 9.h3
Nexd5 10.Bxg7 Kxg7 11.exd5 e4 12.Be2 exf3 13.Bxf3 Re8+ 14.Be2 Qe7 15.Nc3 b5
16.a3 a6 17.O-O Bb7 18.Rfe1 Nd7 19.Bxb5 axb5 20.Rxe7 Rxe7 21.Nxb5 Nb6 22.Qd4+
f6 23.Nxc7 Rxc7 24.Qxb6 Rd7 25.c4 Re8 26.a4 {#r} 1-0

[Event "It (open)"]
[Site "Badenweiler (Germany)"]
[Round "2"]
[White "Siegel Georg (GER)"]
[Black "Werner Isabel (GER)"]
[Result "1-0"]
[WhiteElo "2480"]
[BlackElo "2105"]

1.d4 d6 2.Nf3 Bg4 3.c4 Nd7 4.Qb3 Rb8 5.h3 Bh5 6.g4 Bg6 7.Bf4 Ngf6 8.Bg2 e6
9.Nc3 h5 10.g5 Ne4 11.Nh4 Nxg5 12.Nxg6 fxg6 13.Nb5 Nf7 14.c5 e5 15.Bd5 Qf6
16.Bxf7+ Kd8 17.cxd6 Bxd6 18.Be3 Rf8 19.Nxd6 cxd6 20.dxe5 Qxf7 21.Qxf7 Rxf7
22.e6 {#r} 1-0

[Event "Tournament "]
[Site "London (Canada)"]
[Round "0"]
[White "Tozer Richard (ENG)"]
[Black "Beaumont Chris (ENG)"]
[Result "1-0"]
[WhiteElo "2370"]
[BlackElo "2330"]

1.d4 d6 2.c4 e5 3.d5 Na6 4.e4 g6 5.Nc3 Bg7 6.Be2 Bd7 7.h4 h5 8.Bg5 f6 9.Be3
Bh6 10.Qd2 Nc5 11.O-O-O Qe7 12.Nh3 a5 13.f3 Qg7 14.f4 Bxh3 15.Rxh3 exf4
16.Bxf4 Bxf4 17.Qxf4 Qh6 18.Rf1 Kf7 19.Rhf3 Re8 20.Qxh6 Rxh6 21.Rf4 Rh7 22.Kd2
Kf8 23.Bd3 Rhe7 24.g4 hxg4 25.Rxg4 Nxd3 26.Kxd3 Rg7 27.Nb5 {#r} 1-0

[Event "Oberliga NRW 1994/95"]
[Site "Germany"]
[Round "0"]
[White "Horstmann Michael (GER)"]
[Black "Scho Christian (GER)"]
[Result "0-1"]
[WhiteElo "2223"]
[BlackElo "2097"]

1.d4 d6 2.Nf3 Bg4 3.c4 Nd7 4.Qb3 Rb8 5.Nc3 e5 6.d5 Be7 7.Be3 b6 8.Qa4 Nf6
9.Qxa7 Ra8 10.Qb7 O-O 11.h3 Bh5 12.b4 e4 13.Nd2 Ne5 14.Nb5 Ne8 15.Nd4 Ra3
16.g4 Bg6 17.Bg2 Bg5 18.O-O Rxe3 19.fxe3 Bxe3+ 20.Kh1 Bxd4 21.Rad1 Nxg4
22.Nxe4 Bxe4 23.Bxe4 Nf2+ 24.Rxf2 Bxf2 25.Bg2 Qe7 26.e4 Nf6 27.Rf1 Nxe4 {#R}
0-1

[Event "Memorial Weber (open)"]
[Site "Darmstadt (Germany)"]
[Round "0"]
[White "Majer Damir (GER)"]
[Black "Bandza Algirdas (LTU)"]
[Result "0-1"]
[WhiteElo "2285"]
[BlackElo "2405"]

1.d4 d6 2.c4 e5 3.dxe5 dxe5 4.Qxd8+ Kxd8 5.g3 c6 6.Nc3 Be6 7.b3 Nd7 8.Bh3 Bxh3
9.Nxh3 f6 10.Bb2 Nh6 11.O-O-O Kc7 12.Ne4 Nc5 13.Nxc5 Bxc5 14.e4 Rhe8 15.f3 Nf7
16.Ng1 Rad8 17.Ne2 Ng5 18.Rhf1 Be3+ 19.Kc2 Rxd1 20.Kxd1 Rd8+ 21.Ke1 Rd3 22.h4
Bd2+ 23.Kd1 {#R} 0-1

[Event "Ch World (active) (juniors) (under 12)"]
[Site "Paris (France)"]
[Round "4"]
[White "Cheng Xinkai (CHN)"]
[Black "Bacrot Etienne (FRA)"]
[Result "0-1"]
[WhiteElo "2309"]
[BlackElo "2395"]

1.d4 d6 2.Nf3 g6 3.Bg5 Bg7 4.Nbd2 Nd7 5.c3 h6 6.Bh4 g5 7.Bg3 f5 8.e3 e5 9.dxe5
dxe5 10.h3 f4 11.exf4 exf4 12.Bh2 Ngf6 13.Qb3 Qe7+ 14.Kd1 Nc5 15.Bb5+ c6
16.Qc2 cxb5 17.Re1 Ne6 {#R} 0-1

[Event "Ch Moscow (open)"]
[Site "Moscow (Russia)"]
[Round "9"]
[White "Dvalishvili Pavel S (RUS)"]
[Black "Gelman Alexander (RUS)"]
[Result "1-0"]
[WhiteElo "2360"]
[BlackElo "2375"]

1.d4 d6 2.Bg5 c6 3.c3 Qc7 4.Nf3 e5 5.e4 Be7 6.Bc4 h6 7.Be3 Nf6 8.Nbd2 Ng4
9.O-O O-O 10.h3 Nxe3 11.fxe3 Nd7 12.Qe1 Qd8 13.Bb3 Bf6 14.Nc4 Qe7 15.Rd1 b6
16.Nxd6 Qxd6 17.dxe5 Qe7 18.exf6 Nxf6 19.e5 Ne4 20.Nd4 Bd7 21.Bc2 f5 22.e6 Bc8
23.Nxf5 {#r} 1-0

[Event "Ch World (handicaped)"]
[Site "Hrabyne"]
[Round "0"]
[White "Pastor Karel Jr (CZE)"]
[Black "Sorel Eduard (CZE)"]
[Result "1-0"]
[WhiteElo "2260"]
[BlackElo "2051"]

1.d4 d6 2.c4 e5 3.d5 f5 4.e4 fxe4 5.Nc3 Nf6 6.Bg5 Be7 7.Bxf6 Bxf6 8.Nxe4 Bf5
9.Bd3 O-O 10.Qc2 c6 11.Nf3 Na6 12.a3 cxd5 13.cxd5 Rc8 14.Qe2 Qa5+ 15.Nfd2 Kh8
16.Nxd6 Bxd3 17.Qxd3 Nc5 18.Qh3 Rcd8 19.b4 {#r} 1-0

[Event "It (open)"]
[Site "Asti (Italy)"]
[Round "9"]
[White "Astengo Marcello (ITA)"]
[Black "Lampic Teo (ITA)"]
[Result "0-1"]
[WhiteElo "2110"]
[BlackElo "2326"]

1.d4 d6 2.c4 e5 3.d5 f5 4.Nc3 Nf6 5.Bg5 Be7 6.Bxf6 Bxf6 7.e4 O-O 8.Bd3 f4
9.Rc1 a5 10.a3 Na6 11.Rb1 Qe8 12.b4 Qg6 13.Kf1 axb4 14.axb4 Bd7 15.f3 Ra7
16.Nge2 Rfa8 17.Kf2 Bd8 18.g3 c5 19.b5 Nb4 20.gxf4 Bh4+ 21.Ke3 exf4+ 22.Kd2
Bf2 23.Nxf4 Qh6 24.Ne2 Ra2+ {#R} 0-1

[Event "It (open)"]
[Site "Metz (France)"]
[Round "2"]
[White "Giacomazzi Dominique (FRA)"]
[Black "Miles Anthony J (ENG)"]
[Result "0-1"]
[WhiteElo "2235"]
[BlackElo "2600"]

1.d4 d6 2.c4 e5 3.dxe5 dxe5 4.Qxd8+ Kxd8 5.e3 Bf5 6.Nd2 Na6 7.e4 Bg6 8.a3 Nc5
9.f3 a5 10.b3 Ne7 11.g4 Nc6 12.Bb2 h5 13.g5 h4 14.Nh3 Ne6 15.Be2 Bc5 16.Nf1
Ke7 17.Bc1 Ncd4 18.Bd1 Bh5 19.Nd2 Nf4 20.Nxf4 exf4 21.Rf1 Ne6 22.Nb1 Bd4
23.Ra2 Rhd8 24.Be2 c6 {#R} 0-1

[Event "Ch Hungary (team) 1995/96 (2 liga)"]
[Site "Hungary"]
[Round "4"]
[White "Horvath Jozsef_ (HUN)"]
[Black "Borsos Bogdan (UKR)"]
[Result "1-0"]
[WhiteElo "2510"]
[BlackElo "2310"]

1.d4 d6 2.Nf3 Bg4 3.c4 Bxf3 4.exf3 g6 5.Nc3 Bg7 6.Be3 e6 7.d5 Ne7 8.Qb3 Qc8
9.Bd3 Na6 10.O-O O-O 11.Rfe1 Nf5 12.Bxf5 exf5 13.Rad1 Re8 14.Nb5 Qd7 15.Qa3
Re7 16.Bxa7 Rxe1+ 17.Rxe1 Nc5 18.b4 c6 19.Nxd6 b6 20.bxc5 Rxa7 21.dxc6 Qc7
22.cxb6 Qxb6 23.c5 Re7 24.Qc1 Qxc5 25.Rd1 Qb6 26.Nc8 {#r} 1-0

[Event "It (open)"]
[Site "Groningen (Netherlands)"]
[Round "1"]
[White "Krallmann Matthias (GER)"]
[Black "Summerscale Aaron (ENG)"]
[Result "0-1"]
[WhiteElo "2240"]
[BlackElo "2500"]

1.d4 d6 2.Nf3 Bg4 3.c4 Nd7 4.Qb3 Rb8 5.h3 Bxf3 6.Qxf3 g6 7.e3 Bg7 8.b3 e5
9.Bb2 Ne7 10.Qd1 O-O 11.Be2 exd4 12.Bxd4 Ne5 13.Qd2 d5 14.cxd5 Qxd5 15.O-O
Rfd8 16.Qb2 Nf5 17.Bc3 Nh4 18.f3 Qc5 19.f4 Qxe3+ 20.Kh2 Nd3 21.Bxd3 Bxc3
22.Nxc3 Rxd3 23.Rac1 Nxg2 {#R} 0-1

[Event "It (open)"]
[Site "Dieren (Netherlands)"]
[Round "6"]
[White "De Boer Sybolt (NED)"]
[Black "Hoeksema Hendrik Pieter (NED)"]
[Result "1-0"]
[WhiteElo "2240"]
[BlackElo "2410"]

1.d4 d6 2.Nf3 f5 3.Nc3 Nf6 4.Qd3 d5 5.Ne5 e6 6.g4 Nc6 7.gxf5 exf5 8.Bf4 Nh5
9.Nxc6 bxc6 10.Be5 Bd6 11.O-O-O Qe7 12.Bxd6 cxd6 13.f3 f4 14.Nxd5 cxd5 15.Qb5+
Qd7 16.Qxd5 Nf6 17.Qxa8 O-O 18.Qb8 Bb7 19.Qxa7 Ra8 20.Qb6 Ra6 21.Qb3+ Bd5
22.Qb8+ Kf7 23.e4 Rxa2 24.exd5 Ra1+ 25.Kd2 Qe7 {#r} 1-0

[Event "It (open)"]
[Site "Boblingen (Germany)"]
[Round "0"]
[White "Reinhardt Bernd (GER)"]
[Black "Fromm Christian (GER)"]
[Result "1-0"]
[WhiteElo "2251"]
[BlackElo "2035"]

1.d4 d6 2.Nf3 Nd7 3.c3 e5 4.e4 Ngf6 5.Nbd2 Be7 6.Bc4 O-O 7.O-O c6 8.Bb3 Qc7
9.Re1 b5 10.Nf1 a5 11.Ng3 g6 12.Bh6 Re8 13.Ng5 d5 14.dxe5 Nxe5 15.exd5 Nfg4
16.d6 Qxd6 17.Qxd6 Bxd6 18.Nxf7 Be6 19.Nxd6 {#r} 1-0